00263nam a2200121Ia 4500003000400000005001700004008004100021020000800062040001700070100001600087245002000103260001800123OSt20240311105729.0170524s9999 xx 000 0 und d aNIL cIIMTU MEERUT aGUPTA- P.K. 0aAPPLIED PHYSICS bM. NGR: ASIAN